000 00932nam a2200253 a 4500
001 000035044
005 20200930074052.0
008 111024s1979 mx 000 0 spa d
040 _aDO-SdBNP
_bspa
_cBNPHU
082 _a150.9
_bW746n
100 1 _aWilson, Collin
_960678
240 1 0 _aNew pathways un psychology
_lespañol
245 1 0 _aNuevos derroteros en psicología :
_bMaslow y la revolución postfreudiana /
_cCollin Wilson ; traductor Rafael Quijano.
260 _aMéxico :
_bDiana,
_c1979.
300 _a325 p. ;
_c22 cm.
500 _aIncluye índice
504 _aBibliografía: p. 311-312
590 _aPerteneció a la biblioteca personal de Juan Isidro Jimenes Grullón
600 1 4 _aMASLOW, ABRAHAM H.
_q(ABRAHAM HAROLD)
_960679
650 4 _aPsicología
_xHistoria
_960680
650 4 _aPsicología
_xMetodología
_960681
700 1 2 _aQuijano, Rafael,
_etr.
_940577
910 _aValidado. Control de calidad MFF
999 _c34535
_d34535